Altruistické správanie v riadení dodávateľského reťazca

Porovnávanie politiky prerozdelenia "zisku" členom dodávateľského reťazca tak, že cieľ každej firmy je zosúladený s cieľom spoločného dodávateľského reťazca. Podmienky úspešnej realizácie "nesebeckého" správania (to znamená, že politika, ktorá nie je optimálna samostatne, je optimálna na spoločnej ú...

Descrizione completa

Salvato in:
Dettagli Bibliografici
Autore principale: Brlejová, Soňa, 1987-
Altri autori: Hollá, Anna, Mišovič, Andrej, 1984-
Natura: Capitolo di libro
Lingua:slovacco
Soggetti:
Tags: Aggiungi Tag
Nessun Tag, puoi essere il primo ad aggiungerne!!

MARC

LEADER 00000nla a2200000 4500
001 0163551
005 20240716091612.2
041 0 |a slo 
044 |a SK 
245 1 0 |a Altruistické správanie v riadení dodávateľského reťazca  |c Soňa Brlejová, Anna Hollá, Andrej Mišovič 
520 |a Porovnávanie politiky prerozdelenia "zisku" členom dodávateľského reťazca tak, že cieľ každej firmy je zosúladený s cieľom spoločného dodávateľského reťazca. Podmienky úspešnej realizácie "nesebeckého" správania (to znamená, že politika, ktorá nie je optimálna samostatne, je optimálna na spoločnej úrovni). 
610 2 0 |a reťazce dodávateľsko-odberateľské 
610 2 0 |a správanie hospodárske 
610 2 0 |a reťazce distribučné 
610 2 0 |a zisk obchodný 
610 2 0 |a provízie 
610 2 0 |a altruizmus 
100 1 |a Brlejová, Soňa, 1987- 
700 1 |a Hollá, Anna 
700 1 |a Mišovič, Andrej, 1984-